[Event "Oberliga Ost A"]
[Site "?"]
[Date "2022.05.01"]
[Round "3.4"]
[White "Dietze, Frank"]
[Black "Kunze, Carlo"]
[Result "0-1"]
[WhiteElo "2057"]
[BlackElo "2267"]
[PlyCount "134"]
[EventDate "2021.10.10"]
[EventType "team-tourn"]
[EventCountry "GER"]
[WhiteTeam "Leipzig SG II"]
[BlackTeam "Plauen SK Koenig"]
[WhiteTeamCountry "GER"]
[BlackTeamCountry "GER"]

1. d4 Nf6 2. Nf3 e6 3. Bf4 c5 4. c3 b6 5. g3 Bb7 6. Bg2 d6 7. O-O Be7 8. Na3
cxd4 9. cxd4 O-O 10. Rc1 a6 11. Bg5 Nbd7 12. Nb1 h6 13. Be3 b5 14. Bd2 Qb6 15.
b4 Rac8 16. Bc3 Rc7 17. Qb3 Bd5 18. Qa3 Rfc8 19. Bd2 Ne4 20. Be3 Ndf6 21. h3
Qb7 22. Qb2 Nd7 23. Rxc7 Rxc7 24. Rc1 Nb6 25. Nfd2 Nxd2 26. Bxd5 Rxc1+ 27. Qxc1
Qxd5 28. Nxd2 Qxa2 29. Qc6 Nd5 30. Nf1 Qxe2 31. Qxa6 Qc4 32. Bd2 Bf8 33. Qa5
Kh7 34. h4 Be7 35. Qa7 Qc7 36. Qa6 Qb6 37. Qc8 Bf6 38. Qe8 Qb7 39. Qf8 Qd7 40.
Ne3 Bxd4 41. Ng4 Qe7 42. Qb8 h5 43. Nh2 Qf6 44. Be1 Qe5 45. Kf1 Qf5 46. Kg2 Nf6
47. Qxd6 Qd5+ 48. Qxd5 Nxd5 49. Nf3 Bb2 50. Ng5+ Kg6 51. Ne4 Be5 52. Bd2 Kf5
53. f3 f6 54. Nf2 Bd6 55. g4+ hxg4 56. fxg4+ Ke5 57. Kf3 Kd4 58. h5 Nxb4 59.
Ne4 Be7 60. Bc3+ Kc4 61. g5 f5 62. Bxg7 fxe4+ 63. Kg4 e3 64. h6 e2 65. Bc3 Kxc3
66. h7 e1=Q 67. h8=Q+ Kb3 0-1

[Event "Oberliga Ost A"]
[Site "?"]
[Date "2022.05.01"]
[Round "3.5"]
[White "Sandner, Gunter"]
[Black "Haufe, Laurin"]
[Result "0-1"]
[WhiteElo "2257"]
[BlackElo "2074"]
[PlyCount "98"]
[EventDate "2021.10.10"]
[EventType "team-tourn"]
[EventCountry "GER"]
[WhiteTeam "Plauen SK Koenig"]
[BlackTeam "Leipzig SG II"]
[WhiteTeamCountry "GER"]
[BlackTeamCountry "GER"]

1. Nf3 Nf6 2. c4 e6 3. g3 d5 4. Bg2 c5 5. O-O Nc6 6. d4 dxc4 7. Ne5 Nxe5 8.
dxe5 Nd5 9. Nc3 Nxc3 10. bxc3 Qc7 11. Rb1 Be7 12. Qa4+ Bd7 13. Qxc4 Bc6 14.
Bxc6+ Qxc6 15. Qg4 Kf8 16. Qh5 b6 17. Bf4 h6 18. Rbd1 g6 19. Qh3 Kg7 20. Rd2 h5
21. Rfd1 Rad8 22. Qg2 Qxg2+ 23. Kxg2 g5 24. Rxd8 Rxd8 25. Rxd8 Bxd8 26. Bc1 g4
27. f4 b5 28. e4 a5 29. Be3 Bb6 30. Kf2 Kf8 31. Ke2 Ke8 32. c4 b4 33. Kd2 a4
34. Kc2 Kd7 35. Kb2 Kc6 36. Kc2 Bd8 37. Bc1 h4 38. Bd2 h3 39. Be3 Be7 40. Bf2
f6 41. Be3 fxe5 42. fxe5 Bf8 43. Kb2 Be7 44. Bf4 Bd8 45. Be3 Bc7 46. Bf4 Kb7
47. Kc2 Kb6 48. a3 Kc6 49. Kb1 bxa3 0-1

[Event "Oberliga Ost A"]
[Site "?"]
[Date "2022.05.01"]
[Round "3.6"]
[White "Limpert, Michael"]
[Black "Pfretzschner, Roland"]
[Result "1/2-1/2"]
[WhiteElo "2119"]
[BlackElo "2212"]
[PlyCount "30"]
[EventDate "2021.10.10"]
[EventType "team-tourn"]
[EventCountry "GER"]
[WhiteTeam "Leipzig SG II"]
[BlackTeam "Plauen SK Koenig"]
[WhiteTeamCountry "GER"]
[BlackTeamCountry "GER"]

1. e4 c5 2. Nc3 e6 3. g3 Nc6 4. Bg2 Nf6 5. d3 Be7 6. f4 d5 7. e5 Nd7 8. Nf3 b5
9. O-O b4 10. Ne2 Rb8 11. Be3 O-O 12. Re1 a5 13. d4 c4 14. g4 a4 15. f5 Nb6
1/2-1/2

[Event "Oberliga Ost A"]
[Site "?"]
[Date "2022.05.01"]
[Round "3.7"]
[White "Hoerr, Matthias"]
[Black "Gempe, Thomas"]
[Result "1-0"]
[WhiteElo "2146"]
[BlackElo "2162"]
[PlyCount "59"]
[EventDate "2021.10.10"]
[EventType "team-tourn"]
[EventCountry "GER"]
[WhiteTeam "Plauen SK Koenig"]
[BlackTeam "Leipzig SG II"]
[WhiteTeamCountry "GER"]
[BlackTeamCountry "GER"]

1. e4 c6 2. d4 d5 3. e5 c5 4. dxc5 e6 5. Nf3 Bxc5 6. a3 Nh6 7. b4 Be7 8. Bd3
Nf5 9. O-O h5 10. Nbd2 a5 11. b5 Nd7 12. c4 Nc5 13. Bc2 g6 14. Qe2 d4 15. Bd3
b6 16. Bb2 Bb7 17. Rfd1 Na4 18. Nb3 Nxb2 19. Qxb2 Bxf3 20. gxf3 Nh4 21. Be4 Bc5
22. Qd2 Rc8 23. Kh1 f5 24. Bc6+ Rxc6 25. bxc6 Nxf3 26. Qf4 Nh4 27. Nxd4 g5 28.
Nxe6 Qc8 29. Nxg5 Qxc6+ 30. f3 1-0

[Event "Oberliga Ost A"]
[Site "?"]
[Date "2022.05.01"]
[Round "3.8"]
[White "Gempe, Anet"]
[Black "Fischer, Erik"]
[Result "1/2-1/2"]
[WhiteElo "1979"]
[BlackElo "2033"]
[PlyCount "52"]
[EventDate "2021.10.10"]
[EventType "team-tourn"]
[EventCountry "GER"]
[WhiteTeam "Leipzig SG II"]
[BlackTeam "Plauen SK Koenig"]
[WhiteTeamCountry "GER"]
[BlackTeamCountry "GER"]

1. e4 c5 2. Nf3 e6 3. a3 Nc6 4. d4 cxd4 5. Nxd4 Qc7 6. Nc3 a6 7. Be3 b5 8. Be2
Bb7 9. O-O Nf6 10. Nb3 Ne5 11. f3 Be7 12. Qe1 Rc8 13. Qf2 d5 14. exd5 Nxd5 15.
Nxd5 Bxd5 16. Nd4 O-O 17. c3 Bd6 18. Kh1 Rb8 19. Nc2 a5 20. Nd4 Nc4 21. Bxc4
Bxc4 22. Rfd1 Be5 23. Rd2 Rfc8 24. Rad1 Bd5 25. f4 Bd6 26. Nf5 Bf8 1/2-1/2

[Event "Oberliga Ost A"]
[Site "?"]
[Date "2022.06.18"]
[Round "4.1"]
[White "Pulpan, Jakub"]
[Black "Mueller, Frank"]
[Result "1-0"]
[WhiteElo "2415"]
[BlackElo "2266"]
[PlyCount "51"]
[EventDate "2021.10.10"]
[EventType "team-tourn"]
[EventCountry "GER"]
[WhiteTeam "Aue ESV Nickelhuette"]
[BlackTeam "Leipzig VfB"]
[WhiteTeamCountry "GER"]
[BlackTeamCountry "GER"]

1. e4 d6 2. d4 Nf6 3. Nc3 Nbd7 4. Nf3 e5 5. Bc4 Be7 6. O-O c6 7. a4 h6 8. a5
Qc7 9. Re1 Nf8 10. Nh4 g6 11. d5 Nxd5 12. Nxg6 Nxg6 13. exd5 a6 14. dxc6 bxc6
15. Qf3 Bg5 16. Bxf7+ Qxf7 17. Qxc6+ Kf8 18. Qxa8 Kg7 19. Qd5 Be6 20. Qxd6 Rf8
21. Bxg5 hxg5 22. Qc5 Kh6 23. Rad1 Nh4 24. Rd6 Nxg2 25. Rxe6+ Qxe6 26. Qxf8+
1-0

[Event "Oberliga Ost A"]
[Site "?"]
[Date "2022.06.18"]
[Round "4.2"]
[White "Geiling, Christian"]
[Black "Cerveny, Martin"]
[Result "1-0"]
[WhiteElo "2174"]
[BlackElo "2400"]
[PlyCount "77"]
[EventDate "2021.10.10"]
[EventType "team-tourn"]
[EventCountry "GER"]
[WhiteTeam "Leipzig VfB"]
[BlackTeam "Aue ESV Nickelhuette"]
[WhiteTeamCountry "GER"]
[BlackTeamCountry "GER"]

1. d4 d5 2. c4 c6 3. Nf3 Nf6 4. Nc3 a6 5. e3 b5 6. b3 Bg4 7. Be2 e6 8. O-O Nbd7
9. Bb2 Qb8 10. Ne5 Bxe2 11. Qxe2 Nxe5 12. dxe5 Nd7 13. cxd5 cxd5 14. Rfd1 Be7
15. e4 d4 16. Rxd4 Nxe5 17. Rad1 O-O 18. Kh1 Qc7 19. f4 Nc6 20. Rd7 Qxf4 21.
Nd5 exd5 22. exd5 Rae8 23. dxc6 Bf6 24. Qc2 Bxb2 25. Qxb2 Qe4 26. Qc3 b4 27.
Qf3 Qxf3 28. gxf3 g6 29. c7 Rc8 30. R1d6 Kg7 31. Rxa6 Rfe8 32. Ra4 Kf6 33. Rxb4
Re1+ 34. Kg2 Ke6 35. Rbd4 Re2+ 36. Kg3 Rxa2 37. R4d6+ Ke5 38. f4+ Ke4 39. Re7+
1-0

[Event "Oberliga Ost A"]
[Site "?"]
[Date "2022.06.18"]
[Round "4.3"]
[White "Eichner, Sebastian"]
[Black "Collini, Carsten"]
[Result "1-0"]
[WhiteElo "2352"]
[BlackElo "2114"]
[PlyCount "69"]
[EventDate "2021.10.10"]
[EventType "team-tourn"]
[EventCountry "GER"]
[WhiteTeam "Aue ESV Nickelhuette"]
[BlackTeam "Leipzig VfB"]
[WhiteTeamCountry "GER"]
[BlackTeamCountry "GER"]

1. d4 Nf6 2. c4 c5 3. d5 e5 4. Nc3 d6 5. e4 Be7 6. g3 O-O 7. h4 Ne8 8. Bh3 Bxh3
9. Nxh3 Nd7 10. Be3 a6 11. Ng5 Ndf6 12. f4 Qd7 13. f5 h5 14. Qe2 Ng4 15. Bd2
Nef6 16. Nh3 b5 17. Bg5 b4 18. Nd1 g6 19. O-O Nh7 20. Bd2 Bf6 21. Ne3 Nxe3 22.
Bxe3 Qe7 23. Kg2 b3 24. a3 Qd7 25. Rf2 Bg7 26. Rf3 Nf6 27. Nf2 Rab8 28. Rg1 Kh7
29. Bg5 Ng4 30. Nxg4 hxg4 31. Rf2 Qa4 32. Rc1 Rh8 33. Qxg4 Kg8 34. fxg6 fxg6
35. Qe6+ 1-0

[Event "Oberliga Ost A"]
[Site "?"]
[Date "2022.06.18"]
[Round "4.4"]
[White "Alahmad, Fadi"]
[Black "Solberg, Joachim"]
[Result "1/2-1/2"]
[WhiteElo "2131"]
[BlackElo "2167"]
[PlyCount "97"]
[EventDate "2021.10.10"]
[EventType "team-tourn"]
[EventCountry "GER"]
[WhiteTeam "Leipzig VfB"]
[BlackTeam "Aue ESV Nickelhuette"]
[WhiteTeamCountry "GER"]
[BlackTeamCountry "GER"]

1. d4 Nf6 2. c4 g6 3. Nc3 Bg7 4. e4 d6 5. Nf3 O-O 6. Be2 Nbd7 7. h3 e5 8. d5
Nc5 9. Bd3 Nxd3+ 10. Qxd3 Nh5 11. Ne2 f5 12. exf5 Bxf5 13. Qb3 Nf4 14. Nxf4
exf4 15. O-O g5 16. Bd2 g4 17. hxg4 Bxg4 18. Bc3 Bxf3 19. Bxg7 Bxg2 20. Bxf8
Bxf1 21. Bh6 Qh4 22. Bxf4 Qxf4 23. Rxf1 Kf7 24. Qh3 Rg8+ 25. Kh1 Qg4 26. Kh2 h5
27. b3 c6 28. Qxg4 Rxg4 29. Rd1 c5 30. Re1 Rg6 31. Kh3 Rf6 32. Re2 a6 33. Kh4
Kg6 34. Re6 Rxe6 35. dxe6 Kf6 36. Kxh5 b5 37. Kg4 Kxe6 38. Kf4 d5 39. cxd5+
Kxd5 40. Ke3 Ke6 41. f3 c4 42. bxc4 bxc4 43. a4 a5 44. f4 Kf5 45. Kd4 Kxf4 46.
Kxc4 Ke5 47. Kb5 Kd6 48. Kxa5 Kc7 49. Ka6 1/2-1/2

[Event "Oberliga Ost A"]
[Site "?"]
[Date "2022.06.18"]
[Round "4.5"]
[White "Jurasek, Miroslav"]
[Black "Just, Wolfgang"]
[Result "1/2-1/2"]
[WhiteElo "2219"]
[BlackElo "2093"]
[PlyCount "25"]
[EventDate "2021.10.10"]
[EventType "team-tourn"]
[EventCountry "GER"]
[WhiteTeam "Aue ESV Nickelhuette"]
[BlackTeam "Leipzig VfB"]
[WhiteTeamCountry "GER"]
[BlackTeamCountry "GER"]

1. d4 e6 2. e4 d5 3. exd5 exd5 4. Bd3 Nc6 5. c3 Bd6 6. Qf3 Nge7 7. Ne2 Be6 8.
Bf4 Qd7 9. Bxd6 Qxd6 10. Qg3 O-O-O 11. Qxd6 Rxd6 12. Ng3 Ng6 13. Nf5 1/2-1/2

[Event "Oberliga Ost A"]
[Site "?"]
[Date "2022.06.18"]
[Round "4.7"]
[White "Poessel, Christian"]
[Black "Mueller, Giso"]
[Result "1-0"]
[WhiteElo "1991"]
[BlackElo "2112"]
[PlyCount "51"]
[EventDate "2021.10.10"]
[EventType "team-tourn"]
[EventCountry "GER"]
[WhiteTeam "Aue ESV Nickelhuette"]
[BlackTeam "Leipzig VfB"]
[WhiteTeamCountry "GER"]
[BlackTeamCountry "GER"]

1. d4 Nf6 2. Nf3 c5 3. d5 b5 4. c4 e6 5. e4 Nxe4 6. Bd3 Qa5+ 7. Nbd2 Nf6 8. O-O
Bb7 9. dxe6 fxe6 10. cxb5 Be7 11. Re1 a6 12. Nc4 Bxf3 13. gxf3 Qd8 14. Qa4 O-O
15. Ne5 d5 16. b3 Bd6 17. Bg5 Nbd7 18. Nc6 Qc7 19. Rxe6 c4 20. Bxf6 Nc5 21. b6
Bxh2+ 22. Kg2 Qf4 23. Ne7+ Kf7 24. Nxd5 Nxa4 25. Re7+ Kg8 26. Rxg7+ 1-0

[Event "Oberliga Ost A"]
[Site "?"]
[Date "2022.06.18"]
[Round "4.1"]
[White "Zawadzka, Jolanta"]
[Black "Belous, Mikhail"]
[Result "1-0"]
[WhiteElo "2400"]
[BlackElo "2378"]
[PlyCount "93"]
[EventDate "2021.10.10"]
[EventType "team-tourn"]
[EventCountry "GER"]
[WhiteTeam "Plauen SK Koenig"]
[BlackTeam "Dessau SK"]
[WhiteTeamCountry "GER"]
[BlackTeamCountry "GER"]

1. e4 c5 2. Nf3 d6 3. d4 cxd4 4. Nxd4 Nf6 5. Nc3 a6 6. Be3 e5 7. Nf3 Be7 8. Bc4
O-O 9. O-O Qc7 10. Qd3 Nbd7 11. Nd5 Nxd5 12. Bxd5 Nb6 13. Bxb6 Qxb6 14. a4 Bd7
15. Nd2 Bc6 16. Nc4 Qc5 17. Rfd1 Rac8 18. Bxc6 Rxc6 19. b3 b5 20. axb5 axb5 21.
Ne3 Bg5 22. Nd5 Qxc2 23. Qxb5 Rc5 24. Qd3 Rb8 25. g3 f5 26. Qxc2 Rxc2 27. exf5
Rxb3 28. Ra8+ Kf7 29. Ra7+ Kf8 30. Nc7 Rxc7 31. Rxc7 Be7 32. Ra1 Rb8 33. Raa7
Bf6 34. Kg2 d5 35. Rd7 d4 36. Kf3 h6 37. h4 h5 38. g4 hxg4+ 39. Kxg4 Kg8 40.
Kh5 e4 41. Kg6 e3 42. fxe3 dxe3 43. Rdb7 Rd8 44. Ra6 Kf8 45. Re6 Bd4 46. h5 Rc8
47. Rd7 1-0

[Event "Oberliga Ost A"]
[Site "?"]
[Date "2022.06.18"]
[Round "4.2"]
[White "Matthey, Harald"]
[Black "Burian, Simon"]
[Result "0-1"]
[WhiteElo "2072"]
[BlackElo "2170"]
[PlyCount "38"]
[EventDate "2021.10.10"]
[EventType "team-tourn"]
[EventCountry "GER"]
[WhiteTeam "Dessau SK"]
[BlackTeam "Plauen SK Koenig"]
[WhiteTeamCountry "GER"]
[BlackTeamCountry "GER"]

1. d4 Nf6 2. Nf3 e6 3. c4 d5 4. Nc3 Be7 5. Bf4 O-O 6. e3 b6 7. Bd3 dxc4 8. Bxc4
Bb7 9. Nb5 Bb4+ 10. Kf1 Na6 11. Rc1 c6 12. Nc3 c5 13. Nb5 cxd4 14. exd4 Be7 15.
h4 Nd5 16. Be5 Nab4 17. Ng5 Bxg5 18. hxg5 Qxg5 19. Nd6 Ne3+ 0-1

[Event "Oberliga Ost A"]
[Site "?"]
[Date "2022.06.18"]
[Round "4.3"]
[White "Zaehringer, Daniel"]
[Black "Schubert, Ralf"]
[Result "1-0"]
[WhiteElo "2149"]
[BlackElo "2124"]
[PlyCount "127"]
[EventDate "2021.10.10"]
[EventType "team-tourn"]
[EventCountry "GER"]
[WhiteTeam "Plauen SK Koenig"]
[BlackTeam "Dessau SK"]
[WhiteTeamCountry "GER"]
[BlackTeamCountry "GER"]

1. d4 Nf6 2. c4 g6 3. Nc3 Bg7 4. e4 d6 5. f3 O-O 6. Be3 Na6 7. Qd2 c5 8. Nge2
Qa5 9. a3 Nc7 10. Ra2 cxd4 11. Nxd4 Ne6 12. b4 Qe5 13. Nde2 Nc7 14. Bd4 Qe6 15.
Nf4 Qd7 16. Be3 e5 17. Nfd5 Nfxd5 18. cxd5 Qe7 19. Be2 Bd7 20. O-O Rfc8 21. Rc1
Qe8 22. Rac2 Bf8 23. a4 f5 24. b5 f4 25. Bf2 Qd8 26. a5 Ne8 27. b6 a6 28. Na2
Rxc2 29. Rxc2 g5 30. g4 fxg3 31. hxg3 g4 32. fxg4 Qf6 33. g5 Qg6 34. Qe3 Be7
35. Bf3 Bxg5 36. Qe2 Bd8 37. Bh5 Qg7 38. Bxe8 Bxe8 39. Nb4 Bb5 40. Qh5 Qd7 41.
Qh6 Qg4 42. Qxd6 Qxe4 43. Bc5 Bg5 44. Rf2 Be3 45. Qe6+ Kh8 46. Qf6+ Kg8 47.
Qf7+ Kh8 48. Qf6+ Kg8 49. Bxe3 Qxe3 50. Kh2 Re8 51. Qf7+ Kh8 52. Qf6+ Kg8 53.
Rf5 h6 54. Qg6+ Kh8 55. Qf6+ Kh7 56. Qf7+ Kh8 57. Nc6 Rg8 58. Qf6+ Kh7 59. Qxe5
Qxe5 60. Nxe5 Rd8 61. Rf7+ Kg8 62. Rxb7 Rxd5 63. Rc7 Rd2+ 64. Kg1 1-0

[Event "Oberliga Ost A"]
[Site "?"]
[Date "2022.06.18"]
[Round "4.4"]
[White "Erler, Rainer"]
[Black "Kunze, Carlo"]
[Result "0-1"]
[WhiteElo "2082"]
[BlackElo "2276"]
[PlyCount "78"]
[EventDate "2021.10.10"]
[EventType "team-tourn"]
[EventCountry "GER"]
[WhiteTeam "Dessau SK"]
[BlackTeam "Plauen SK Koenig"]
[WhiteTeamCountry "GER"]
[BlackTeamCountry "GER"]

1. e4 Nf6 2. Nc3 e5 3. f4 d6 4. Nf3 Nbd7 5. Bc4 Be7 6. d3 O-O 7. O-O c6 8. a4
b6 9. Qe1 a6 10. b4 Bb7 11. Rb1 b5 12. Ba2 Qc7 13. Kh1 Rac8 14. Bd2 Rce8 15.
Qf2 exf4 16. Bxf4 Ne5 17. h3 Ng6 18. Bh2 Qc8 19. Nd4 c5 20. Nf5 cxb4 21. Nd1 d5
22. Nxe7+ Rxe7 23. Bd6 dxe4 24. Bxb4 e3 25. Nxe3 Qxh3+ 26. Kg1 Qxe3 27. Bxe7
Qxe7 28. axb5 Ng4 29. Qg3 Qc5+ 30. Kh1 Ne3 31. Rxf7 Rxf7 32. Qb8+ Bc8 33. bxa6
Qxc2 34. Bxf7+ Kxf7 35. Rb7+ Ke8 36. Rb2 Qc1+ 37. Kh2 Ng4+ 38. Kh3 Qh6+ 39. Kg3
Qe3# 0-1

[Event "Oberliga Ost A"]
[Site "?"]
[Date "2022.06.18"]
[Round "4.5"]
[White "Sandner, Gunter"]
[Black "Leibovitch, Iziaslav"]
[Result "1-0"]
[WhiteElo "2247"]
[BlackElo "2103"]
[PlyCount "87"]
[EventDate "2021.10.10"]
[EventType "team-tourn"]
[EventCountry "GER"]
[WhiteTeam "Plauen SK Koenig"]
[BlackTeam "Dessau SK"]
[WhiteTeamCountry "GER"]
[BlackTeamCountry "GER"]

1. Nf3 Nf6 2. d4 g6 3. g3 Bg7 4. Bg2 O-O 5. O-O d6 6. c4 Nc6 7. Nc3 Bf5 8. d5
Na5 9. Nd2 c6 10. h3 cxd5 11. cxd5 Rc8 12. e4 Bd7 13. Nb3 Nc4 14. Nd4 Qb6 15.
b3 Nh5 16. Nce2 Na5 17. Be3 Qa6 18. Qd2 e5 19. Nc2 b6 20. Nb4 Qb7 21. Rfc1 f5
22. Rxc8 Qxc8 23. Rc1 Qd8 24. Bg5 Nf6 25. exf5 Bxf5 26. g4 Bc8 27. Ng3 Qd7 28.
Qc3 Nb7 29. Nc6 h6 30. Be3 e4 31. Qd2 Nc5 32. Bxh6 Qf7 33. Be3 Nd3 34. Rd1 Nxd5
35. Nxe4 Nxe3 36. Qxe3 Nf4 37. Nxd6 Nxg2 38. Kxg2 Qc7 39. Ne7+ Kh7 40. Ndxc8
Qb7+ 41. Kg1 Rf3 42. Qe6 Rf6 43. Qg8+ Kh6 44. Qd5 1-0

[Event "Oberliga Ost A"]
[Site "?"]
[Date "2022.06.18"]
[Round "4.6"]
[White "Ozeran, Volodymyr"]
[Black "Pfretzschner, Roland"]
[Result "1/2-1/2"]
[WhiteElo "2080"]
[BlackElo "2178"]
[PlyCount "55"]
[EventDate "2021.10.10"]
[EventType "team-tourn"]
[EventCountry "GER"]
[WhiteTeam "Dessau SK"]
[BlackTeam "Plauen SK Koenig"]
[WhiteTeamCountry "GER"]
[BlackTeamCountry "GER"]

1. d4 c5 2. d5 Nf6 3. c4 b5 4. cxb5 a6 5. b6 e6 6. Nc3 exd5 7. Nxd5 Nxd5 8.
Qxd5 Nc6 9. e3 Be7 10. Bd2 O-O 11. Nf3 Rb8 12. Bc3 Qxb6 13. Be2 d6 14. O-O Be6
15. Qd2 d5 16. b3 Rfd8 17. Rfd1 Rd7 18. Ne5 Nxe5 19. Bxe5 Bd6 20. Bxd6 Rxd6 21.
Qc2 g6 22. Rac1 Rc8 23. Rd2 a5 24. Qd3 Qb4 25. Qc3 Qa3 26. Qb2 Qb4 27. Qc3 Qa3
28. Qb2 1/2-1/2

[Event "Oberliga Ost A"]
[Site "?"]
[Date "2022.06.18"]
[Round "4.7"]
[White "Hoerr, Matthias"]
[Black "Schaefer, Sven"]
[Result "1-0"]
[WhiteElo "2152"]
[BlackElo "1971"]
[PlyCount "67"]
[EventDate "2021.10.10"]
[EventType "team-tourn"]
[EventCountry "GER"]
[WhiteTeam "Plauen SK Koenig"]
[BlackTeam "Dessau SK"]
[WhiteTeamCountry "GER"]
[BlackTeamCountry "GER"]

1. e4 c5 2. Nf3 d6 3. d4 cxd4 4. Nxd4 Nf6 5. Nc3 g6 6. Be3 Bg7 7. f3 O-O 8. Qd2
Nc6 9. Bc4 Bd7 10. O-O-O Rb8 11. Bb3 Na5 12. Kb1 b5 13. h4 Nc4 14. Bxc4 bxc4
15. g4 Qb6 16. b3 Qc7 17. Bg5 Qc5 18. Bxf6 Bxf6 19. Nd5 Rfc8 20. g5 c3 21. Qe3
Bxd4 22. Qxd4 Qa3 23. Nxc3 Rb4 24. Qe3 Rbc4 25. Rd3 Be6 26. Ka1 Ra4 27. Kb1
Rxc3 28. Rxc3 Qxa2+ 29. Kc1 Ra5 30. Kd2 d5 31. Ke2 Qb2 32. Qd4 Qa2 33. Rd1 Qa3
34. b4 1-0

[Event "Oberliga Ost A"]
[Site "?"]
[Date "2022.06.18"]
[Round "4.8"]
[White "Pannier, Thomas"]
[Black "Fischer, Erik"]
[Result "0-1"]
[WhiteElo "1779"]
[BlackElo "2026"]
[PlyCount "46"]
[EventDate "2021.10.10"]
[EventType "team-tourn"]
[EventCountry "GER"]
[WhiteTeam "Dessau SK"]
[BlackTeam "Plauen SK Koenig"]
[WhiteTeamCountry "GER"]
[BlackTeamCountry "GER"]

1. Nf3 d5 2. d4 Nf6 3. g3 Bf5 4. Bg2 e6 5. O-O h6 6. c4 c6 7. Qb3 Qb6 8. Nc3
Be7 9. Re1 Qxb3 10. axb3 Bc2 11. Nd2 O-O 12. c5 Na6 13. Ra4 Nc7 14. Ra2 a5 15.
Na4 Nd7 16. f4 Rfb8 17. e3 b6 18. cxb6 Nxb6 19. Bf3 Nd7 20. Bd1 Bxd1 21. Rxd1
Na6 22. Kf1 Nb4 23. Ra1 Nc2 0-1

[Event "Oberliga Ost A"]
[Site "?"]
[Date "2022.05.21"]
[Round "4.1"]
[White "Strache, Michael"]
[Black "Rudolf, Sebastian"]
[Result "1/2-1/2"]
[WhiteElo "2302"]
[BlackElo "2309"]
[PlyCount "67"]
[EventDate "2021.10.10"]
[EventType "team-tourn"]
[EventCountry "GER"]
[WhiteTeam "Sangerhausen SV"]
[BlackTeam "Dresden SG Gruen Weiss"]
[WhiteTeamCountry "GER"]
[BlackTeamCountry "GER"]

1. c4 f5 2. Nc3 Nf6 3. g3 g6 4. d4 Bg7 5. Bg2 d6 6. Nf3 O-O 7. O-O Qe8 8. Re1
Qf7 9. e4 fxe4 10. Nxe4 Nc6 11. Neg5 Qxc4 12. b3 Qb5 13. Ne6 Bxe6 14. Rxe6 Qf5
15. Qe2 Ng4 16. Bb2 Nxf2 17. Re1 Nh3+ 18. Kh1 Ng5 19. Nxg5 Qxg5 20. d5 Ne5 21.
Bc1 Qf5 22. Rf1 Qh5 23. Qxh5 gxh5 24. Rxe7 Rac8 25. Bh3 Rxf1+ 26. Bxf1 Kf8 27.
Bh3 Kxe7 28. Bxc8 b6 29. Bg5+ Bf6 30. Bf4 Nd3 31. Bd2 Nf2+ 32. Kg2 Ne4 33. Be1
Nc3 34. Bxc3 1/2-1/2

[Event "Oberliga Ost A"]
[Site "?"]
[Date "2022.05.21"]
[Round "4.2"]
[White "Dahl, Christoph"]
[Black "Heyder, Florian"]
[Result "0-1"]
[WhiteElo "2368"]
[BlackElo "2215"]
[PlyCount "120"]
[EventDate "2021.10.10"]
[EventType "team-tourn"]
[EventCountry "GER"]
[WhiteTeam "Dresden SG Gruen Weiss"]
[BlackTeam "Sangerhausen SV"]
[WhiteTeamCountry "GER"]
[BlackTeamCountry "GER"]

1. e4 c5 2. Nf3 e6 3. d4 cxd4 4. Nxd4 a6 5. Nc3 Qc7 6. Bd3 Nf6 7. Qe2 d6 8. O-O
Nbd7 9. Kh1 Be7 10. f4 b5 11. Bd2 Bb7 12. Rae1 g6 13. e5 Nh5 14. Be4 d5 15. Bf3
Ng7 16. Nxd5 exd5 17. f5 O-O 18. f6 Bxf6 19. exf6 Nxf6 20. Qe7 Qb6 21. Ba5 Qxd4
22. Bc3 Qb6 23. Qxf6 Qxf6 24. Bxf6 Rfe8 25. Rd1 Nf5 26. Bg5 h6 27. Bf4 Rad8 28.
Rfe1 g5 29. Be5 Nh4 30. Bd4 Nxf3 31. gxf3 f5 32. Kg2 Kf7 33. Kf2 Bc8 34. Bb6
Rxe1 35. Rxe1 Rd6 36. Bc5 Rc6 37. b4 Be6 38. c3 a5 39. a3 axb4 40. cxb4 Ra6 41.
Re3 f4 42. Rc3 Bf5 43. Bd4 Kg6 44. Ke1 Bb1 45. Kf2 Ba2 46. Rc7 Bc4 47. h3 Kh5
48. Ra7 Re6 49. a4 bxa4 50. Rxa4 Re2+ 51. Kg1 Kh4 52. Bf2+ Kxh3 53. Ra1 Rb2 54.
Re1 Rxb4 55. Bc5 Rb5 56. Bf8 h5 57. Bg7 Kg3 58. Bf6 g4 59. fxg4 hxg4 60. Be5
Bd3 0-1

[Event "Oberliga Ost A"]
[Site "?"]
[Date "2022.05.21"]
[Round "4.3"]
[White "Guenther, Christian"]
[Black "Genkin, Michael"]
[Result "1/2-1/2"]
[WhiteElo "2146"]
[BlackElo "2271"]
[PlyCount "45"]
[EventDate "2021.10.10"]
[EventType "team-tourn"]
[EventCountry "GER"]
[WhiteTeam "Sangerhausen SV"]
[BlackTeam "Dresden SG Gruen Weiss"]
[WhiteTeamCountry "GER"]
[BlackTeamCountry "GER"]

1. d4 Nf6 2. c4 e6 3. Nc3 d5 4. cxd5 exd5 5. Bg5 c6 6. e3 Be7 7. Bd3 Nbd7 8.
Nge2 h6 9. Bh4 Nh5 10. Bxe7 Qxe7 11. O-O O-O 12. Bc2 Nb6 13. b3 Re8 14. Qd3 g6
15. Qd2 Qg5 16. Nc1 Bf5 17. Nd3 Nc8 18. Rae1 Nd6 19. f3 Bxd3 20. Bxd3 Re6 21.
Re2 Rae8 22. Rfe1 Kg7 23. Bb1 1/2-1/2

[Event "Oberliga Ost A"]
[Site "?"]
[Date "2022.05.21"]
[Round "4.4"]
[White "Siedentopf, Daniel"]
[Black "Ellemann, Stefan"]
[Result "0-1"]
[WhiteElo "2262"]
[BlackElo "2036"]
[PlyCount "50"]
[EventDate "2021.10.10"]
[EventType "team-tourn"]
[EventCountry "GER"]
[WhiteTeam "Dresden SG Gruen Weiss"]
[BlackTeam "Sangerhausen SV"]
[WhiteTeamCountry "GER"]
[BlackTeamCountry "GER"]

1. d4 d5 2. c4 c6 3. Nf3 Nf6 4. e3 Bf5 5. Nc3 e6 6. Qb3 Qb6 7. Nh4 Qxb3 8. axb3
Bc2 9. Kd2 Bxb3 10. c5 Ne4+ 11. Nxe4 dxe4 12. g4 Nd7 13. Kc3 Bd5 14. Ng2 e5 15.
b4 Be7 16. Be2 O-O 17. h4 b6 18. Bb2 a5 19. bxa5 exd4+ 20. exd4 bxc5 21. Kc2
cxd4 22. Bxd4 Rfb8 23. Rhb1 c5 24. Rxb8+ Rxb8 25. Rb1 cxd4 0-1

[Event "Oberliga Ost A"]
[Site "?"]
[Date "2022.05.21"]
[Round "4.5"]
[White "Richter, Dustin"]
[Black "Gehmlich, Marcel"]
[Result "1-0"]
[WhiteElo "2145"]
[BlackElo "2188"]
[PlyCount "85"]
[EventDate "2021.10.10"]
[EventType "team-tourn"]
[EventCountry "GER"]
[WhiteTeam "Sangerhausen SV"]
[BlackTeam "Dresden SG Gruen Weiss"]
[WhiteTeamCountry "GER"]
[BlackTeamCountry "GER"]

1. c4 Nf6 2. e3 e5 3. Nc3 Nc6 4. Nf3 d6 5. d4 Bg4 6. Be2 Be7 7. O-O O-O 8. a3
a5 9. b3 exd4 10. Nxd4 Nxd4 11. Qxd4 Bxe2 12. Nxe2 Nd7 13. Bb2 Bf6 14. Qd2 Bxb2
15. Qxb2 Nc5 16. Rad1 Qe7 17. Rd4 Ne6 18. Rd5 f5 19. Nd4 Nxd4 20. Qxd4 b6 21.
Qf4 Qf6 22. Rd4 Rae8 23. b4 Re5 24. Rfd1 Rfe8 25. Qg3 Re4 26. Rxe4 Rxe4 27.
bxa5 bxa5 28. c5 f4 29. Qg4 h6 30. cxd6 fxe3 31. Qxe4 Qxf2+ 32. Kh1 e2 33. Rg1
cxd6 34. Qc4+ Kh8 35. Qc8+ Kh7 36. Qc2+ Kh8 37. Qc8+ Kh7 38. Qc2+ Kh8 39. Qd2
d5 40. Qe1 Qe3 41. Qc1 Qf2 42. Re1 Kg8 43. h3 1-0